<?xml version="1.0" encoding="UTF-8"?>
<record
    xmlns:xsi="http://www.w3.org/2001/XMLSchema-instance"
    xsi:schemaLocation="http://www.loc.gov/MARC21/slim http://www.loc.gov/standards/marcxml/schema/MARC21slim.xsd"
    xmlns="http://www.loc.gov/MARC21/slim">

  <leader>01038nam a2200229 a 4500</leader>
  <controlfield tag="005">20191217041843.0</controlfield>
  <controlfield tag="008">140314b1998    bl ad|||r|||| 00| 0 por d</controlfield>
  <datafield tag="040" ind1=" " ind2=" ">
    <subfield code="a">CO-BoIAVH</subfield>
    <subfield code="c">CO-BoIAVH</subfield>
  </datafield>
  <datafield tag="041" ind1="0" ind2=" ">
    <subfield code="a">por</subfield>
  </datafield>
  <datafield tag="044" ind1=" " ind2=" ">
    <subfield code="a">bl</subfield>
  </datafield>
  <datafield tag="082" ind1="0" ind2="4">
    <subfield code="a">581.35</subfield>
    <subfield code="b">M29t</subfield>
  </datafield>
  <datafield tag="245" ind1="0" ind2="0">
    <subfield code="a">Manual de transforma&#x4AB;&#xE3;o gen&#xE9;tica de plantas / </subfield>
    <subfield code="c">editado por Ana Crisitna Miranda Brasileiro y Vera Tabares de Campos Carneiro</subfield>
  </datafield>
  <datafield tag="260" ind1=" " ind2=" ">
    <subfield code="a">Brasilia (Brasil) : </subfield>
    <subfield code="b">Empresa Brasileira de Pesuis gropeu&#xE1;ri : </subfield>
    <subfield code="b">Centro Nacional de Pesquisa de Recursos Gen&#xE9;ticos e Biotecnolog&#xED;a : </subfield>
    <subfield code="b">Ministerio da Agricultura e do Abastecimiento,</subfield>
    <subfield code="c">1998.</subfield>
  </datafield>
  <datafield tag="300" ind1=" " ind2=" ">
    <subfield code="a">309 p&#xE1;ginas ; </subfield>
    <subfield code="b">ilustraciones y gr&#xE1;ficas ; </subfield>
    <subfield code="c">21 x 23 cm.</subfield>
  </datafield>
  <datafield tag="650" ind1="2" ind2="6">
    <subfield code="a">Plantas</subfield>
    <subfield code="x">Gen&#xE9;tica</subfield>
    <subfield code="v">Manuales</subfield>
  </datafield>
  <datafield tag="650" ind1="2" ind2="6">
    <subfield code="a">Plantas</subfield>
    <subfield code="x">Transformaci&#xF3;n gen&#xE9;tica</subfield>
    <subfield code="v">Manuales</subfield>
  </datafield>
  <datafield tag="650" ind1="2" ind2="6">
    <subfield code="a">Fitogen&#xE9;tica</subfield>
    <subfield code="v">Manuales</subfield>
  </datafield>
  <datafield tag="650" ind1="2" ind2="6">
    <subfield code="a">Agrobacterium</subfield>
    <subfield code="x">Cultivo</subfield>
  </datafield>
  <datafield tag="700" ind1="1" ind2=" ">
    <subfield code="a">Miranda Brasileiro, Ana Cristina</subfield>
    <subfield code="e">editora</subfield>
  </datafield>
  <datafield tag="700" ind1="1" ind2=" ">
    <subfield code="a">Campos Carneiro, Vera Taveres de</subfield>
    <subfield code="e">editora</subfield>
  </datafield>
  <datafield tag="942" ind1=" " ind2=" ">
    <subfield code="c">LIBRO</subfield>
    <subfield code="2">ddc</subfield>
  </datafield>
  <datafield tag="999" ind1=" " ind2=" ">
    <subfield code="c">4347</subfield>
    <subfield code="d">4347</subfield>
  </datafield>
  <datafield tag="952" ind1=" " ind2=" ">
    <subfield code="0">0</subfield>
    <subfield code="1">0</subfield>
    <subfield code="2">ddc</subfield>
    <subfield code="4">0</subfield>
    <subfield code="7">0</subfield>
    <subfield code="8">GENERAL</subfield>
    <subfield code="I">INV2017</subfield>
    <subfield code="a">Venado</subfield>
    <subfield code="b">Venado</subfield>
    <subfield code="d">2005-02-24</subfield>
    <subfield code="e">Guerrero, Alicia</subfield>
    <subfield code="g">39000.00</subfield>
    <subfield code="l">0</subfield>
    <subfield code="o">LB-581.35 M29t</subfield>
    <subfield code="p">017391</subfield>
    <subfield code="r">2012-12-04 00:00:00</subfield>
    <subfield code="t">Ej. 1</subfield>
    <subfield code="w">2012-12-04</subfield>
    <subfield code="x">Donacion</subfield>
    <subfield code="y">LIBRO</subfield>
  </datafield>
</record>
